<?xml version="1.0" encoding="UTF-8"?>
<record
    xmlns:xsi="http://www.w3.org/2001/XMLSchema-instance"
    xsi:schemaLocation="http://www.loc.gov/MARC21/slim http://www.loc.gov/standards/marcxml/schema/MARC21slim.xsd"
    xmlns="http://www.loc.gov/MARC21/slim">

  <leader>00864    a2200277   4500</leader>
  <controlfield tag="001">TB12084</controlfield>
  <controlfield tag="003">IN-BhIIT</controlfield>
  <controlfield tag="005">20250805082319.0</controlfield>
  <controlfield tag="008">250103b        |||||||| |||| 00| 0 eng d</controlfield>
  <datafield tag="020" ind1=" " ind2=" ">
    <subfield code="a">9781838828714 (pbk)</subfield>
  </datafield>
  <datafield tag="040" ind1=" " ind2=" ">
    <subfield code="a">IN-BhIIT</subfield>
  </datafield>
  <datafield tag="041" ind1=" " ind2=" ">
    <subfield code="a">eng</subfield>
  </datafield>
  <datafield tag="082" ind1=" " ind2=" ">
    <subfield code="a">005.43</subfield>
    <subfield code="b">DAK/M</subfield>
  </datafield>
  <datafield tag="100" ind1=" " ind2=" ">
    <subfield code="a">Dakic, Vedran.</subfield>
    <subfield code="e">Author</subfield>
    <subfield code="9">25124</subfield>
  </datafield>
  <datafield tag="245" ind1=" " ind2=" ">
    <subfield code="a">Mastering KVM virtualization /</subfield>
    <subfield code="c">by Vedran Dakic ... [et al.].</subfield>
  </datafield>
  <datafield tag="250" ind1=" " ind2=" ">
    <subfield code="a">2nd ed.</subfield>
  </datafield>
  <datafield tag="260" ind1=" " ind2=" ">
    <subfield code="a">Brimingham :</subfield>
    <subfield code="b">Packt,</subfield>
    <subfield code="c">2020.</subfield>
  </datafield>
  <datafield tag="300" ind1=" " ind2=" ">
    <subfield code="a">xiii, 663 p. :</subfield>
    <subfield code="b">ill. ;</subfield>
    <subfield code="c">24 cm.</subfield>
  </datafield>
  <datafield tag="504" ind1=" " ind2=" ">
    <subfield code="a">Includes bibliographical references and index.</subfield>
  </datafield>
  <datafield tag="650" ind1=" " ind2=" ">
    <subfield code="a">Computer science</subfield>
    <subfield code="9">3297</subfield>
  </datafield>
  <datafield tag="650" ind1=" " ind2=" ">
    <subfield code="a">Systems programs</subfield>
    <subfield code="9">25125</subfield>
  </datafield>
  <datafield tag="700" ind1=" " ind2=" ">
    <subfield code="a">Chirammal, Humble Devassy </subfield>
    <subfield code="e">Joint author</subfield>
    <subfield code="9">25126</subfield>
  </datafield>
  <datafield tag="700" ind1=" " ind2=" ">
    <subfield code="a">Mukhedkar, Prasad </subfield>
    <subfield code="e">Joint author</subfield>
    <subfield code="9">25127</subfield>
  </datafield>
  <datafield tag="700" ind1=" " ind2=" ">
    <subfield code="a">Vettathu, Anil</subfield>
    <subfield code="e">Joint author</subfield>
    <subfield code="9">25128</subfield>
  </datafield>
  <datafield tag="942" ind1=" " ind2=" ">
    <subfield code="c">TB</subfield>
    <subfield code="0">5</subfield>
  </datafield>
  <datafield tag="999" ind1=" " ind2=" ">
    <subfield code="c">14593</subfield>
    <subfield code="d">14593</subfield>
  </datafield>
  <datafield tag="952" ind1=" " ind2=" ">
    <subfield code="0">0</subfield>
    <subfield code="1">0</subfield>
    <subfield code="2">ddc</subfield>
    <subfield code="4">0</subfield>
    <subfield code="7">0</subfield>
    <subfield code="8">SES</subfield>
    <subfield code="a">CLIITBBS</subfield>
    <subfield code="b">CLIITBBS</subfield>
    <subfield code="d">2024-12-31</subfield>
    <subfield code="e">26</subfield>
    <subfield code="g">3072.00</subfield>
    <subfield code="l">1</subfield>
    <subfield code="o">005.43 DAK/M</subfield>
    <subfield code="p">TB12088</subfield>
    <subfield code="r">2025-04-15 15:20:42</subfield>
    <subfield code="s">2025-03-13</subfield>
    <subfield code="v">4096.00</subfield>
    <subfield code="w">2024-12-31</subfield>
    <subfield code="y">TB</subfield>
  </datafield>
  <datafield tag="952" ind1=" " ind2=" ">
    <subfield code="0">0</subfield>
    <subfield code="1">0</subfield>
    <subfield code="2">ddc</subfield>
    <subfield code="4">0</subfield>
    <subfield code="7">0</subfield>
    <subfield code="8">SES</subfield>
    <subfield code="a">CLIITBBS</subfield>
    <subfield code="b">CLIITBBS</subfield>
    <subfield code="d">2024-12-31</subfield>
    <subfield code="e">26</subfield>
    <subfield code="g">3072.00</subfield>
    <subfield code="l">1</subfield>
    <subfield code="o">005.43 DAK/M</subfield>
    <subfield code="p">TB12087</subfield>
    <subfield code="r">2025-05-07 12:59:58</subfield>
    <subfield code="s">2025-03-13</subfield>
    <subfield code="v">4096.00</subfield>
    <subfield code="w">2024-12-31</subfield>
    <subfield code="y">TB</subfield>
  </datafield>
  <datafield tag="952" ind1=" " ind2=" ">
    <subfield code="0">0</subfield>
    <subfield code="1">0</subfield>
    <subfield code="2">ddc</subfield>
    <subfield code="4">0</subfield>
    <subfield code="7">0</subfield>
    <subfield code="8">SES</subfield>
    <subfield code="a">CLIITBBS</subfield>
    <subfield code="b">CLIITBBS</subfield>
    <subfield code="d">2024-12-31</subfield>
    <subfield code="e">26</subfield>
    <subfield code="g">3072.00</subfield>
    <subfield code="l">1</subfield>
    <subfield code="o">005.43 DAK/M</subfield>
    <subfield code="p">TB12086</subfield>
    <subfield code="r">2025-05-07 09:55:07</subfield>
    <subfield code="s">2025-03-17</subfield>
    <subfield code="v">4096.00</subfield>
    <subfield code="w">2024-12-31</subfield>
    <subfield code="y">TB</subfield>
  </datafield>
  <datafield tag="952" ind1=" " ind2=" ">
    <subfield code="0">0</subfield>
    <subfield code="1">0</subfield>
    <subfield code="2">ddc</subfield>
    <subfield code="4">0</subfield>
    <subfield code="7">0</subfield>
    <subfield code="8">SES</subfield>
    <subfield code="a">CLIITBBS</subfield>
    <subfield code="b">CLIITBBS</subfield>
    <subfield code="d">2024-12-31</subfield>
    <subfield code="e">26</subfield>
    <subfield code="g">3072.00</subfield>
    <subfield code="l">1</subfield>
    <subfield code="o">005.43 DAK/M</subfield>
    <subfield code="p">TB12089</subfield>
    <subfield code="r">2025-04-24 15:26:55</subfield>
    <subfield code="s">2025-01-24</subfield>
    <subfield code="v">4096.00</subfield>
    <subfield code="w">2024-12-31</subfield>
    <subfield code="y">TB</subfield>
  </datafield>
  <datafield tag="952" ind1=" " ind2=" ">
    <subfield code="0">0</subfield>
    <subfield code="1">0</subfield>
    <subfield code="2">ddc</subfield>
    <subfield code="4">0</subfield>
    <subfield code="7">0</subfield>
    <subfield code="8">SES</subfield>
    <subfield code="a">CLIITBBS</subfield>
    <subfield code="b">CLIITBBS</subfield>
    <subfield code="d">2024-12-31</subfield>
    <subfield code="e">26</subfield>
    <subfield code="g">3072.00</subfield>
    <subfield code="l">1</subfield>
    <subfield code="m">1</subfield>
    <subfield code="o">005.43 DAK/M</subfield>
    <subfield code="p">TB12085</subfield>
    <subfield code="r">2025-05-07 12:16:59</subfield>
    <subfield code="s">2025-03-07</subfield>
    <subfield code="v">4096.00</subfield>
    <subfield code="w">2024-12-31</subfield>
    <subfield code="y">TB</subfield>
  </datafield>
  <datafield tag="952" ind1=" " ind2=" ">
    <subfield code="0">0</subfield>
    <subfield code="1">0</subfield>
    <subfield code="2">ddc</subfield>
    <subfield code="4">0</subfield>
    <subfield code="7">0</subfield>
    <subfield code="8">SES</subfield>
    <subfield code="a">CLIITBBS</subfield>
    <subfield code="b">CLIITBBS</subfield>
    <subfield code="d">2024-12-31</subfield>
    <subfield code="e">26</subfield>
    <subfield code="g">3072.00</subfield>
    <subfield code="l">0</subfield>
    <subfield code="o">005.43 DAK/M</subfield>
    <subfield code="p">TB12084</subfield>
    <subfield code="r">2024-12-31 00:00:00</subfield>
    <subfield code="v">4096.00</subfield>
    <subfield code="w">2024-12-31</subfield>
    <subfield code="y">RES</subfield>
  </datafield>
</record>
